PDC Premier League Of Darts Lineups 2022-2024 - Statistics

General Stats
  • This quiz has been taken 130 times
  • The average score is 22 of 24
Answer Stats
Country Player % Correct
Netherlands Michael van Gerwen
99%
Netherlands Michael van Gerwen
99%
Netherlands Michael van Gerwen
99%
England Luke Littler
98%
Scotland Peter Wright
98%
Scotland Peter Wright
98%
Scotland Peter Wright
98%
Wales Gerwyn Price
97%
Wales Gerwyn Price
97%
Wales Gerwyn Price
97%
England Michael Smith
97%
England Michael Smith
97%
England Michael Smith
97%
England Luke Humphries
96%
England Rob Cross
96%
Scotland Gary Anderson
93%
Belgium Dimitri van den Bergh
91%
Wales Jonny Clayton
91%
Wales Jonny Clayton
91%
England Nathan Aspinall
89%
England Nathan Aspinall
89%
England Chris Dobey
78%
England James Wade
68%
England Joe Cullen
64%
No matching quizzes found
Score Distribution
Percent of People with Each Score
Percentile by Number Answered
Your Score History
You have not taken this quiz